Počítač v kanceláři

Salvato in:
Dettagli Bibliografici
Autore principale: Městecký, Petr (Autore)
Natura: Libro
Lingua:ceco
Pubblicazione: Praha : Computer Press, 2001
Edizione:4. vyd.
Tags: Aggiungi Tag
Nessun Tag, puoi essere il primo ad aggiungerne!!

MARC

LEADER 00000nam a22000003a 4500
001 stu73275
005 20150617225649.1
008 020118s2001----xr------------------cze-d
020 |a 80-7226-400-1 
040 |a STU  |b slo 
041 0 |a cze 
044 |a xr 
080 |a 681.3 
100 1 |a Městecký, Petr  |4 aut 
245 1 |a Počítač v kanceláři 
250 |a 4. vyd. 
260 |a Praha :  |b Computer Press,  |c 2001 
300 |a 392 s 
996 |b 284J005750  |c J*98829  |l JJST  |s P  |a 0  |w stu73275_0001 
996 |b 284J005749  |c J*98828  |l JJST  |s P  |a 0  |w stu73275_0002 
996 |b M 30732  |c M*10000-1  |l MMKN  |s A  |a 24  |w stu73275_0003 
996 |b 284M061268  |c M*10000-2  |l MMKN  |s A  |a 24  |w stu73275_0004